<?xml version="1.0" encoding="UTF-8"?>
<collection xmlns="http://www.loc.gov/MARC21/slim">
 <record>
  <leader>01350nam a22002537a 4500</leader>
  <controlfield tag="001">NCT_141484</controlfield>
  <controlfield tag="008">220924b        xxu||||| |||| 00| 0 vie d</controlfield>
  <datafield tag="999" ind1=" " ind2=" ">
   <subfield code="c">7285</subfield>
   <subfield code="d">7285</subfield>
  </datafield>
  <datafield tag="020" ind1=" " ind2=" ">
   <subfield code="a">9786046631200</subfield>
   <subfield code="c">670000</subfield>
  </datafield>
  <datafield tag="082" ind1="0" ind2="4">
   <subfield code="2">23rd ed.</subfield>
   <subfield code="a">616.5</subfield>
   <subfield code="b">Th561</subfield>
  </datafield>
  <datafield tag="100" ind1="1" ind2=" ">
   <subfield code="a">Masterpol, Kasia S.</subfield>
  </datafield>
  <datafield tag="245" ind1="1" ind2="0">
   <subfield code="a">Hình ảnh tổng quát giải phẫu bệnh da liễu</subfield>
   <subfield code="c">Kasia S. Masterpol, Andrea Primiani, Lyn M. Duncan; Nguyễn Văn Thường, Lê Thị Hải Yến (dịch)</subfield>
  </datafield>
  <datafield tag="260" ind1=" " ind2=" ">
   <subfield code="a">H.</subfield>
   <subfield code="b">Y học</subfield>
   <subfield code="c">2018</subfield>
  </datafield>
  <datafield tag="300" ind1=" " ind2=" ">
   <subfield code="a">130 tr.</subfield>
   <subfield code="b">Minh họa</subfield>
   <subfield code="c">30cm</subfield>
  </datafield>
  <datafield tag="520" ind1="3" ind2=" ">
   <subfield code="a">Nội dung dựa trên các bệnh thường gặp nhất trong da liễu. Đây là một phác thảo với hình ảnh cần thiết trong chẩn đoán bệnh da liễu</subfield>
  </datafield>
  <datafield tag="653" ind1=" " ind2=" ">
   <subfield code="a">Y đa khoa</subfield>
  </datafield>
  <datafield tag="700" ind1="1" ind2=" ">
   <subfield code="a">Primiani, Andrea </subfield>
  </datafield>
  <datafield tag="700" ind1="1" ind2=" ">
   <subfield code="a">M. Duncan, Lyn </subfield>
  </datafield>
  <datafield tag="700" ind1="1" ind2=" ">
   <subfield code="a">Nguyễn Văn Thường</subfield>
   <subfield code="e">Dịch</subfield>
  </datafield>
  <datafield tag="700" ind1="1" ind2=" ">
   <subfield code="a">Lê Thị Hải Yến</subfield>
   <subfield code="e">Dịch</subfield>
  </datafield>
  <datafield tag="942" ind1=" " ind2=" ">
   <subfield code="2">ddc</subfield>
   <subfield code="c">BK</subfield>
  </datafield>
  <datafield tag="952" ind1=" " ind2=" ">
   <subfield code="0">0</subfield>
   <subfield code="1">0</subfield>
   <subfield code="2">ddc</subfield>
   <subfield code="4">0</subfield>
   <subfield code="6">616_500000000000000_TH561</subfield>
   <subfield code="7">0</subfield>
   <subfield code="9">26243</subfield>
   <subfield code="a">000001</subfield>
   <subfield code="b">000001</subfield>
   <subfield code="d">2022-09-24</subfield>
   <subfield code="o">616.5 Th561</subfield>
   <subfield code="p">MD.20728</subfield>
   <subfield code="r">2022-09-24</subfield>
   <subfield code="v">670000.00</subfield>
   <subfield code="w">2022-09-24</subfield>
   <subfield code="y">BK</subfield>
  </datafield>
  <datafield tag="952" ind1=" " ind2=" ">
   <subfield code="0">0</subfield>
   <subfield code="1">0</subfield>
   <subfield code="2">ddc</subfield>
   <subfield code="4">0</subfield>
   <subfield code="6">616_500000000000000_TH561</subfield>
   <subfield code="7">0</subfield>
   <subfield code="9">26244</subfield>
   <subfield code="a">000001</subfield>
   <subfield code="b">000001</subfield>
   <subfield code="d">2022-09-24</subfield>
   <subfield code="o">616.5 Th561</subfield>
   <subfield code="p">MD.20729</subfield>
   <subfield code="r">2022-09-24</subfield>
   <subfield code="v">670000.00</subfield>
   <subfield code="w">2022-09-24</subfield>
   <subfield code="y">BK</subfield>
  </datafield>
  <datafield tag="980" ind1=" " ind2=" ">
   <subfield code="a">Thư viện Trường Đại học Nam Cần Thơ</subfield>
  </datafield>
 </record>
</collection>
